| 000 | 00360 a2200169 4500 | ||
|---|---|---|---|
| 001 | 68718 | ||
| 020 | _a8508006292 | ||
| 040 | _cAnchieta - Itaigara | ||
| 100 | _aBelinky, Tatiana | ||
| 240 | 1 | 0 |
_aMedroso! Medroso! _lpor |
| 245 | 1 | 0 | _aMedroso! Medroso! |
| 300 | _a24 | ||
| 362 | 0 | _a1999 | |
| 440 | 1 | _aÁtica | |
| 650 | 4 | _aLiteratura infantil | |
| 942 | _cBK | ||
| 999 |
_c68718 _d68718 |
||